000 01182nam a2200313 i 4500
001 13178
003 KOSZ 005
005 20211025115534.0
008 091009s1967 pl a f 000 0 pol
015 _aPB 1967/4157
040 _aWA N
_cWA N
_dKOSZ 005/RW
_dKOSZ 005/HR
046 _k1967
080 _a621.3
100 1 _aPaszek, Władysław
_d(1925- )
_eAutor
245 1 0 _aZastosowanie wzmacniaczy magnetycznych do układów regulacji napięcia /
_cWładysław Paszek ; Komitet Elektrotechniki Polskiej Akademii Nauk.
260 _aWarszawa :
_bPaństwowe Wydawnictwo Naukowe,
_c1967.
300 _a358 s. :
_bil. ;
_c24 cm.
380 _aKsiążki
388 _a1901-2000
388 _a1945-1989
490 1 _aWzmacniacze Magnetyczne i Ich Zastosowanie w Technice ;
_vz. 7.
504 _aBibliogr. s. [355]-358.
650 4 _aWzmacniacz
658 _aInżynieria i technika
710 2 _aPaństwowe Wydawnictwo Naukowe
_4pbl.
830 0 _aWzmacniacze Magnetyczne i Ich Zastosowanie w Technice
_vz. 7
856 _uhttp://koha.tu.koszalin.pl/cgi-bin/koha/opac-detail.pl?biblionumber=13178
_yKatalog online BPK
942 _2UKD
_cKS
999 _c13178
_d13178